000
00208 a2200097 4500
001
1757
100
_a
Parkinson, A.C.
245
_a
Engineering workshop drawing
260
_a
_b
Pitman
_c
090
_c
1293
_d
1293
942
_a
NUST-CAE
_c
M
_c
3258
999
_c
236830
_d
236830